000 00592nam a2200157 a 4500
008 120416s1976 ||||||||||||||||| || u
020 _a0070538344
050 _aHG 179 Ros
100 _aRosenberg, R. Robert
245 1 0 _aSchaum's outline of theory and problems of personal finance and consumer economics
260 _aNew York:
_bMcGraw-Hill
_c1976
300 _a[vi] 199p. : ill
350 _a0.00
650 _aFINANCE, PERSONAL
995 _D0.00
_FCBU-MAIN LIBRARY (Kitwe)
_H1
_I5.95
_M1
_UAVAILABLE
_ZMain Library Open Access Collection
999 _c57034
_d57034